000 00656nam a2200277Ia 4500
005 20260324144659.0
008 008 260324s9999 xx 000 0 eng d
020 _a9781315035222
037 _aEBOOK
040 _aCRL
040 _beng
040 _cCRL
041 _2eng
041 _aeng
084 _qCRL
100 _aIan Bellany; Tim Huxley
_91220215
245 0 _aNew Conventional Weapons and Western Defence
260 _bTaylor and Francis
260 _c1987
365 _a
365 _b160
856 _uhttp://www.taylorfrancis.com/books/9781315035222
942 _cEBOOK
999 _c1827125
_d1827125